| 000 | 00637nam a2200193 a 4500 | ||
|---|---|---|---|
| 005 | 20210223123919.0 | ||
| 008 | 991125n 000 0 spa u | ||
| 035 | _aUPN01000079643 | ||
| 100 | 1 |
_aMéndez Nápoles, Oscar _929294 |
|
| 222 | _aREVISTA DE LA EDUCACION SUPERIOR | ||
| 245 | _aLa formación de recursos humanos de alto nivel y el crédito educativo : apuntes para una política nacional : el caso mexicano | ||
| 300 | _a3-12 | ||
| 362 | 0 | _a1972 Vol. 1, no. 2, abr.-jun. | |
| 653 | 0 | _aESTADISTICAS EDUCATIVAS | |
| 653 | 0 | _aGASTO EDUCATIVO | |
| 653 | 0 | _aPAISES DESARROLLADOS | |
| 904 |
_aAC _b017454 |
||
| 905 | _aArticulo | ||
| 999 |
_c69161 _d69161 |
||